World Capitals #2 - Statistics

General Stats
  • This quiz has been taken 33 times
  • The average score is 13 of 16
Answer Stats
Picture Hint Answer % Correct
Mexico Mexico City
97%
Brazil Brasilia
93%
Argentina Buenos Aires
93%
Spain Madrid
93%
France Paris
93%
Italy Rome
93%
Portugal Lisbon
90%
Chile Santiago
90%
India New Delhi
87%
Guatemala Guatemala City
83%
North Korea Pyongyang
83%
Poland Warsaw
83%
Morocco Rabat
77%
Senegal Dakar
70%
Ghana Accra
63%
Uganda Kampala
57%
No matching quizzes found
Score Distribution
Percent of People with Each Score
Percentile by Number Answered
Your Score History
You have not taken this quiz